Sports Quiz

Random Sports Quiz
Score 0/96 Timer 20:00
0 Plays Today
Ranking Player % Correct
1Phil Taylor
98.2%
3James Wade
96.4%
2Adrian Lewis
96.4%
5Gary Anderson
94.6%
4Simon Whitlock
93.8%
7Michael van Gerwen
92.9%
8Andy Hamilton
92%
13Raymond van Barneveld
90.2%
12Dave Chisnall
88.4%
10Terry Jenkins
87.5%
14Mervyn King
87.5%
82Andy Jenkins
87.5%
20Vincent van der Voort
85.7%
6Wes Newton
84.8%
11Mark Webster
84.8%
15Kevin Painter
84.8%
17Robert Thornton
84.8%
68Darren Webster
84.8%
23Andy Smith
83.9%
38Michael Smith
83.9%
48Dennis Smith
83.9%
9Justin Pipe
77.7%
21Kim Huybrechts
77.7%
24Peter Wright
77.7%
19Brendan Dolan
75.9%
18Ronnie Baxter
75%
26John Part
75%
44Dennis Priestley
75%
16Paul Nicholson
73.2%
25Colin Lloyd
73.2%
29Steve Beaton
72.3%
43Jelle Klaasen
72.3%
Ranking Player % Correct
33Ian White
66.1%
31Jamie Caven
62.5%
30Wayne Jones
61.6%
28Colin Osborne
60.7%
42Roland Scholten
59.8%
73Mark Jones
59.8%
46Mensur Suljovic
58.9%
50Dean Winstanley
57.1%
27Richie Burnett
56.3%
32Denis Ovens
54.5%
40Co Stompe
52.7%
39John Henderson
51.8%
93Ted Hankey
51.8%
49Mark Dudbridge
50%
41Joe Cullen
49.1%
36Alan Tabern
40.2%
22Mark Walsh
37.5%
53Arron Monk
37.5%
61Steve Hine
37.5%
89Andrew Gilding
37.5%
37Scott Rand
36.6%
51James Richardson
36.6%
35Steve Brown
35.7%
54Antonio Alcinas
35.7%
66Kirk Shepherd
33.9%
52Magnus Caris
33%
55Kevin McDine
31.3%
34Mark Hylton
29.5%
60Devon Petersen
29.5%
71Barrie Bates
29.5%
62Alex Roy
28.6%
47Nigel Heydon
27.7%
Ranking Player % Correct
57Michael Mansell
26.8%
56William O'Connor
25.9%
45Steve Farmer
24.1%
70Brian Woods
23.2%
96John Bowles
23.2%
63Steve Evans
22.3%
79Stuart Kellett
21.4%
64Peter Hudson
20.5%
58James Hubbard
18.8%
59Jyhan Artut
17.9%
84Darren Johnson
17.9%
67Steve Maish
17%
94Matt Clark
17%
76Jerry Hendriks
15.2%
85Tony West
13.4%
77Gino Vos
12.5%
83Andree Welge
11.6%
81Richie Howson
10.7%
75Michael Rosenauer
8.9%
92Adrian Gray
8.9%
72Terry Temple
7.1%
78Johnny Haines
7.1%
65Shaun Griffiths
5.4%
69Chris Thompson
5.4%
74Prakash Jiwa
4.5%
87Jim Walker
3.6%
88Nick Fullwell
2.7%
80Kevin Dowling
1.8%
86Mick Todd
1.8%
90Tony Ayres
1.8%
91Adam Smith-Neale
1.8%
95Dyson Parody
1.8%
Remove Ads.
Support Sporcle.
Get the best of Sporcle when you Go Orange. This ad-free experience offers more features, more stats, and more fun while also helping to support Sporcle. Thank you for becoming a member.

You're not logged in!

Compare scores with friends on all Sporcle quizzes.
OR
Log In

Show Comments

Extras

Created Dec 23, 2012ReportNominate
Tags:Merit, nickname, Order, pdc, PDC Order, Player

Top Quizzes Today


Score Distribution

Your Account Isn't Verified!

In order to create a playlist on Sporcle, you need to verify the email address you used during registration. Go to your Sporcle Settings to finish the process.

Report this User

Report this user for behavior that violates our Community Guidelines.

Details: